00971aab a2200169 i 4500001001000000003001000010005001700020008004100037040001900078041000800097100002400105245006600129300007800195520040200273653001500675773011100690768714001CO-MdFUSB20240326114344.0240318t1992 ag ||||| |||| 00| 0 spa d bspacCO-MdFUSB aspa1 aRooy, Sidneyeautor13aLa llegada de los africanos a América Latinac/ Sidney Rooy aVolumen 12, número 1 (enero - marzo, 1993), páginas: 13 - 16c; 27 cm aEste artículo habla sobre la llegada de los africanos a América Latina, el trato que recibían, la "misión" de la iglesia y la actitud de los esclavos. La trata de los esclavos significó la incorporación de sangre africana en todo el Caribe y el continente americano. En los países católicos y protestantes, la iglesia oficial aceptó la "necesidad" de la mano de obra esclavista. aEsclavitud0 tIglesia y Misión049402gVolumen 12, número 1 (enero - marzo, 1993), páginas: 13 - 16qpáginas: 13